|
|
|
|
| LEADER |
00000nam0a2200000 4500 |
| 001 |
152543 |
| 005 |
20231031151028.0 |
| 020 |
|
|
|a RU
|b 83-75013
|
| 035 |
|
|
|a (RuTPU)RU\TPU\book\165381
|
| 090 |
|
|
|a 152543
|
| 100 |
|
|
|a 20090202d1983 m y0rusy5003 ca
|
| 101 |
0 |
|
|a rus
|
| 102 |
|
|
|a RU
|
| 105 |
|
|
|a c z 000ay
|
| 200 |
1 |
|
|a Избранное
|e роман, повести, очерки и рассказы
|f Н. В. Чертова
|
| 210 |
|
|
|a Москва
|c Советский писатель
|d 1983
|
| 215 |
|
|
|a 400 с.
|c портр.
|d 21 см
|
| 333 |
|
|
|a Исключено из фонда НТБ ТПУ
|
| 675 |
|
|
|a Р2
|z rus
|
| 700 |
|
1 |
|a Чертова
|b Н. В.
|g Надежда Васильевна
|4 070
|
| 801 |
|
0 |
|a RU
|b RuMRKP
|c 19950704
|g psbo
|
| 801 |
|
1 |
|a RU
|b 63413507
|c 20090202
|g PSBO
|
| 801 |
|
2 |
|a RU
|b 63413507
|c 20221004
|g PSBO
|
| 942 |
|
|
|c BK
|